Attitudes of Managers towards Disadvantaged Groups on the Labour Market in the Slovak Republic

Súčasná situácia znevýhodnených skupín na trhu práce v Slovenskej republike. Niektoré zraniteľné skupiny občanov, ktoré sa stretávajú s vážnymi problémami pri hľadaní zamestnania. Motívy manažérov vo vzťahu k zamestnávaniu vybraných kandidátov ukazujúce na diskriminačné alebo non-diskriminačné správ...

Descrizione completa

Salvato in:
Dettagli Bibliografici
Autore principale: Pawera, René
Altri autori: Pazderová, Vladimíra, Šuplata, Marian
Natura: Capitolo di libro
Lingua:inglese
Soggetti:
Tags: Aggiungi Tag
Nessun Tag, puoi essere il primo ad aggiungerne!!

MARC

LEADER 00000naa a2200000 4500
001 0210825
005 20231207103002.1
041 0 |a eng 
044 |a CZ 
245 1 0 |a Attitudes of Managers towards Disadvantaged Groups on the Labour Market in the Slovak Republic  |c René Pawera, Vladimíra Pazderová, Marian Šuplata 
520 |a Súčasná situácia znevýhodnených skupín na trhu práce v Slovenskej republike. Niektoré zraniteľné skupiny občanov, ktoré sa stretávajú s vážnymi problémami pri hľadaní zamestnania. Motívy manažérov vo vzťahu k zamestnávaniu vybraných kandidátov ukazujúce na diskriminačné alebo non-diskriminačné správanie sa na slovenskom trhu práce. 
610 2 0 |a Slovensko 
610 2 0 |a trh práce 
610 2 0 |a politika zamestnanosti 
610 2 0 |a zamestnanosť 
610 2 0 |a osoby zdravotne postihnuté 
610 2 0 |a diskriminácia pracovná 
610 2 0 |a zamestnávatelia 
100 1 |a Pawera, René 
700 1 |a Pazderová, Vladimíra 
700 1 |a Šuplata, Marian